|
|
|
|
| LEADER |
00000nam a2200000 i 4500 |
| 001 |
1/16550 |
| 008 |
010201s1992 gre d |
| 020 |
|
|
|a 960-286-024-3
|
| 035 |
|
|
|l 10065814
|
| 040 |
|
|
|a GR-MY-UA
|b gre
|e aacr
|
| 041 |
0 |
|
|a gre
|
| 082 |
0 |
|
|a 889.16
|
| 100 |
1 |
|
|a Κουκουλομμάτης, Δημήτριος Ιω.
|
| 245 |
1 |
3 |
|a Το θείο στη νεοελληνική φιλολογία /
|c Δημ. Ιω. Κουκουλομμάτης
|
| 260 |
|
|
|a Αθήνα :
|b Έλλην,
|c 1992
|
| 300 |
|
|
|a ... τ.
|
| 505 |
0 |
|
|a τ.1: Ποίηση
|
| 650 |
0 |
0 |
|a Greek literature, Modern
|x History and criticism.
|
| 650 |
0 |
0 |
|a Religion and literature
|z Greece.
|
| 852 |
|
|
|a INST
|b RHODES
|e 20010201
|h 889.16 ΚΟΥ
|p 005400017345
|q 005400017345
|t BK
|y 0
|
| 901 |
|
|
|a BIBL4-2001-1
|
| 909 |
|
|
|a Ρ
|b 082246
|
| 922 |
|
|
|a 4ΕΛΗ
|b 200010
|c ΚΠΣ/96
|
| 970 |
|
|
|a ΚΟΥΛΑΚΙΟΤΗ
|b ΛΙΤΣΑ
|z 2001/02/01
|